000 00731cam a2200229 a 4500
001 1461737
005 20250715170636.0
008 860808s1986 tnu 000 0 eng
020 _a0840755171 :
_c$15.95
020 _a9780840755179
050 0 0 _aBT140
_b.S38 1986
082 0 0 _a241/.4
_219
100 1 _aSchuller, Robert H.
_q(Robert Harold),
_d1926-2015.
245 1 0 _aBe happy you are loved /
_cRobert H. Schuller.
260 _aNashville :
_bT. Nelson,
_cc1986.
300 _a256 p. ;
_c24 cm.
650 0 _aGod (Christianity)
_xLove.
650 0 _aGod (Christianity)
_xWorship and love.
650 0 _aLove
_xReligious aspects
_xChristianity.
650 0 _aSelf-esteem
_xReligious aspects
_xChristianity.
942 _2lcc
_cBK
_n0
999 _c6978
_d6978